000 00414nam a22001817a 4500
003 MPLRDC
005 20220104114527.0
008 210129b ||||| |||| 00| 0 eng d
082 _a857.6 HY
100 _a黄崖
245 _a得奖者
_c
250 _a初版
260 _a
_b高原出版社
_c1962
300 _b
490 _a中国当代文艺丛书
650 _a短篇小说
942 _cBK
_o857.6 HY
999 _c8173
_d8163